000 00602nam a2200229 a 4500
001 nice12345678
003 IN_TiNIC
005 20260116013014.0
008 050524s1977 newa grp 000 0 eng
020 _a
_c50
082 0 0 _a027
_bKAU
100 _aKaul, H K
245 _aUrdu Manuscripts
_b a Discriptive Bibliography of Manuscripts in Delhi Librar
260 _aNew Delhi
_bHeritage Publishers
_c1977
300 _a206p
500 _aincludes index and biblioraphy
505 2 _aglossary
650 _aManuscripts-Library-Catalogue
902 _bSRS
942 _cBK
999 _c9241
_d9241